000 00774nam a22002537a 4500
005 20170124105955.0
010 _aA-839662
020 _c00.00
035 _aA-839662
037 _bCen Lib/Ret
040 _aDPL
_bEN
082 _a327
_bRUS
100 _aRusset, W. H
_914528
245 _aWorld politics :
_cby Bruce Russet [and] Harvey Starr
_bthe menu for choice /
250 _a2nd ed
260 _aBombay
_bVakils, Feffer and Simons
_c1985
270 _aHague Building, 9 Sprott Road, Ballard Estate
_bBombay
_e400038
300 _axiv,617p. :
_c23cm(Hb)
_bill
500 _aIncludes index
650 _aInternational relations
_914529
650 _aWorld politics
_95568
700 _aHarvey, Starr
_914509
942 _2ddc
_cEN
_h327
_mRUS
999 _c125481
_d125481